• 首页
  • 本馆介绍
  • 公告通知
  • 最新文献
  • 馆藏检索
  • 电子资源
  • 读者导购
  • 参考咨询
  • 我的图书馆
  • 登录
  • 详细信息显示
  • 放入我的书架
  • 预约/预借图书
  • 作者相关作品
  • 分类相关作品
  • 丛书相关作品
  • 出版社相关作品

书目信息

  • 表格格式
  • 工作单格式
  • 卡片格式
题名:
生理学实验
    
 
作者: 解景田 , 谢申玲 主编
分册:  
出版信息: 北京   高等教育出版社  1987
页数: 225页
开本: 26cm
丛书名:
单 册:
中图分类: Q4-33
科图分类:
主题词: 生理学--实验
电子资源:
ISBN: 7-04-000112-8
000 00726nam0 2200253 45
001 0188007006
005 20070714165952.93
010    @a7-04-000112-8@dCNY12.20
020    @aCN@b88007006
091    @aCN13010-01471
100    @a19910415d1987 ekmy0chiy0120 ea
101 0  @achi
102    @aCN@b110000
105    @aa 000yy
200 10 @a生理学实验@Asheng li xue shi yan@f解景田,谢申玲主编@Fxie jing tian , xie shen ling zhu bian
210    @a北京@c高等教育出版社@d1987
215    @a225页@d26cm
300    @a高等学校教材
606    @a生理学@x实验
690    @aQ4-33@v4
701  0 @a解景田@Axie jing tian@4主编
701  0 @a谢申玲@Axie shen ling@4主编
801  0 @aCN@bTSSF@c20070714
905    @a10447@dQ4-33@e14
    
    生理学实验/解景田,谢申玲主编.-北京:高等教育出版社,1987
    225页;26cm
    高等学校教材
    
    ISBN 7-04-000112-8:CNY12.20
    
●
相关链接 在E读中查询图书 在五车中查询图书 在当当中查询图书 在豆瓣中查询图书


正题名:生理学实验     索取号:Q4-33/14         预约/预借

序号 登录号 条形码 馆藏地/架位号 状态 备注
1 0339745   203397458   第二样本阅览室/ [索取号:Q4-33/14] 在馆    
2 0339746   203397467   第三借阅区/ [索取号:Q4-33/14] 在馆    
3 0339747   203397476   第三借阅区/ [索取号:Q4-33/14] 在馆    
4 0339748   203397485   第三借阅区/ [索取号:Q4-33/14] 在馆    
5 0339749   203397494   第三借阅区/ [索取号:Q4-33/14] 在馆    
6 0501489   205014893   密集书库/ [索取号:Q4-33/14] 在馆    
7 0501490   205014900   密集书库/ [索取号:Q4-33/14] 在馆    
8 0501491   205014919   密集书库/ [索取号:Q4-33/14] 在馆    
9 0501492   205014928   密集书库/ [索取号:Q4-33/14] 在馆    
10 0501493   205014937   密集书库/ [索取号:Q4-33/14] 在馆    
11 0501494   205014946   密集书库/ [索取号:Q4-33/14] 在馆    
12 0658514   206585140   库房3/ [索取号:Q4-33/14] 在馆    
13 0658515   206585159   库房3/ [索取号:Q4-33/14] 在馆    
14 0658516   206585168   库房3/ [索取号:Q4-33/14] 在馆    
15 0658517   206585177   库房3/ [索取号:Q4-33/14] 在馆    
16 0658518   206585186   库房3/ [索取号:Q4-33/14] 在馆    
17 0658519   206585195   库房3/ [索取号:Q4-33/14] 在馆    
18 0658520   206585202   库房3/ [索取号:Q4-33/14] 在馆    
19 0658521   206585211   库房3/ [索取号:Q4-33/14] 在馆    
20 0658522   206585220   库房3/ [索取号:Q4-33/14] 在馆    
21 0658523   206585239   库房3/ [索取号:Q4-33/14] 在馆    
22 0658524   206585248   库房3/ [索取号:Q4-33/14] 在馆    
23 0658525   206585257   库房3/ [索取号:Q4-33/14] 在馆    
24 0658526   206585266   库房3/ [索取号:Q4-33/14] 在馆    
25 0658527   206585275   库房3/ [索取号:Q4-33/14] 在馆    
26 0775687   207756873   密集书库/ [索取号:Q4-33/14] 在馆    
唐山师范学院图书馆 欢迎您!
大连网信软件有限公司© 版权所有